banner koha

A corrida dos EUA pelo etanol (Registro n. 331057)

MARC details
000 -LÍDER
fixed length control field 00857nab a2200265 4500
003 - CÓDIGO MARC DA AGÊNCIA CATALOGADORA
Campo de controle BR-BrBNA
005 - DATA E HORA DA ÚLTIMA ATUALIZAÇÃO
Campo de controle 20250415205246.0
008 - CAMPO DE TAMANHO FIXO
fixed length control field 250415b bl.||||| |||| 00| 0 por d
040 ## - FONTE DA CATALOGAÇÃO
Agência catalogadora BR-BrBNA
Idioma da catalogação por
072 ## - CATEGORIA AGRIS
Código AGRIS P06 ; F01 ; E16 ; E13 ; A50 ; E70
Código do objeto 8961 ; 0120
100 ## - ENTRADA PRINCIPAL - NOME PESSOAL
Nome pessoal Morais, Larissa
245 ## - TÍTULO PRINCIPAL
Título principal A corrida dos EUA pelo etanol
Subtítulo Agroeconomia
500 ## - NOTA GERAL
Nota geral 3 illus.
942 ## - ADDED ENTRY ELEMENTS (KOHA)
Koha item type Analítica
650 ## - ASSUNTO - THESAGRO
Cabeçalho tópico ou nome geográfico ESTADOS UNIDOS DA AMÉRICA
650 ## - ASSUNTO - THESAGRO
Cabeçalho tópico ou nome geográfico ÁLCOOL
650 ## - ASSUNTO - THESAGRO
Cabeçalho tópico ou nome geográfico MILHO
650 ## - ASSUNTO - THESAGRO
Cabeçalho tópico ou nome geográfico COMBUSTÍVEL
650 ## - ASSUNTO - THESAGRO
Cabeçalho tópico ou nome geográfico ALIMENTO
650 ## - ASSUNTO - THESAGRO
Cabeçalho tópico ou nome geográfico CUSTO DE PRODUÇÃO
650 ## - ASSUNTO - THESAGRO
Cabeçalho tópico ou nome geográfico PESQUISA
650 ## - ASSUNTO - THESAGRO
Cabeçalho tópico ou nome geográfico INVESTIMENTO
773 0# - ENTRADA ANALÍTICA
Host Biblionumber 1706
Registro do item 346671
Imprenta São Paulo-SP Editora Três Ltda - E-mail: luizfsa@revistadinheiro.com.br 2004
Outro identificador 2024-7382
Título Dinheiro Rural (Brazil)
ISSN 1807-3700
Colação v. 3(26) p. 30-32; (Dec 2006)
Número de controle de registro BR2025000696

Nenhum exemplar disponível.

BINAGRI

Telefone: (61)3218-2567/2388/3357/2097 - binagri@agro.gov.br

Ministério da Agricultura e Pecuária , Esplanada dos Ministérios, Bloco D, Anexo B, Brasília/DF, CEP: 70.043-900